000 00677ngm a2200193 a 4500
005 20240815063712.0
008 991125s1968 mx 014 d daspa u
035 _aUPN01000002957
049 _aAV
050 4 _aPVI Q 0131
245 0 4 _aLos animales y su modo de comunicación.
260 _aMéxico :
_bAIMS MEDIA :
_bPelículas Ebesa,
_c1968.
300 _a1 videocasete (VHS) (14 min.) :
_bson., col.
520 _aLa forma de comunicación de los animales es con movimientos de su cuerpo y de sonidos
650 4 _aAnimales
_xHábitos y comportamiento
_91059
650 4 _aSONIDOS DE ANIMALES
_912212
740 0 _aCómo se comunican los animales
905 _aAudiovisuales
999 _c2957
_d2957